Unregelmassif verben ALL-FRA - Statistiques

Statistiques générales
  • Ce quiz a été pris 15 fois
  • Le résultat moyen est 24 sur 83
Statistiques - réponses
Hint Réponse % Correct
trinken boire
100%
schlafen dormir
100%
essen manger
100%
fallen tomber
100%
finden trouver
100%
sehen voir
100%
helfen aider
80%
beginnen commencer
80%
schreiben écrire
80%
waschen laver
80%
lesen lire
80%
schwimmen nager
80%
sprechen parler
80%
singen chanter
60%
kennen connaître
60%
rennen courir
60%
geben donner
60%
vergessen oublier
60%
treffen rencontrer
60%
bleiben rester
60%
fliegen voler
60%
fahren aller en véhicule, conduire
40%
brennen brûler
40%
schneiden couper
40%
schreien crier
40%
gewinnen gagner
40%
lassen laisser
40%
sterben mourir
40%
denken penser
40%
verlieren perdre
40%
nehmen prendre
40%
springen sauter
40%
schlagen battre, frapper
20%
fliessen couler
20%
sitzen être assis
20%
stehen être debout
20%
gelten être valable
20%
werfen jeter, lancer
20%
nennen nommer
20%
streichen peindre
20%
stechen piquer
20%
tragen porter
20%
empfehlen recommander
20%
hat geschafft réussir
20%
brechen rompre
20%
erschrecken s’effrayer, avoir peur
20%
scheinen sembler, briller
20%
halten tenir
20%
stehlen voler, dérober
20%
reiten aller à cheval, aller en cheval
0%
geniessen apprécier
0%
fangen attraper
0%
frieren avoir froid
0%
laden charger
0%
raten conseiller, deviner
0%
schaffen créer
0%
entscheiden décider
0%
unterscheiden différencier
0%
verschwinden disparaître
0%
treten donner un coup de pied à, s’avancer, entrer
0%
senden envoyer
0%
liegen être allongé
0%
meiden éviter
0%
bieten faire une offre
0%
schliessen fermer
0%
zwingen forcer, obliger
0%
fliehen fuir
0%
ist gefroren geler
0%
wachsen grandir, croître
0%
verzeihen pardonner
0%
schieben pousser
0%
treiben pousser, faire (sport)
0%
leihen prêter
0%
bitten prier de
0%
beweisen prouver
0%
riechen sentir
0%
geschehen se passer
0%
streiten se quereller, se disputer
0%
schweigen se taire
0%
wenden se tourner
0%
klingen sonner
0%
ziehen tirer
0%
hat gesendet transmettre
0%
Aucun quiz correspondant
Distribution des résultats
% des personnes avec chaque résultat
Percentile par nombre de réponses
Votre historique - résultats
Vous n’avez pas pris ce quiz